00701nam a2200229Ia 4500003000900000008004100009040001300050040001300063041000800076100002100084245005000105250000900155260002800164260000900192300001100201300001200212490003200224490000600256942000700262999001700269952018500286IT-RoPAU120407s9999 xx 000 0 und d aIT-RoPAU cIT-RoPAU aita aFilippo Selvaggi aScienza e metodologia. Saggi di epistemologia aRoma aUniversità Gregoriana c1962 a308 p. c21,5 cm aStudi critici sulle scienze v2 cBK c32115d32115 00102ddc406LM__226_00000000000000071aPAULUSbPAULUSd2012-04-11l0oLM.226r2012-04-11 00:00:00w2012-04-11yBKzInserito da: In data: n.d. fondo: Via A.Severo 56 Progr:32356